000 00701nam a2200241 a 4500
001 BRL_551
005 20190320210809.0
008 020913s1984----ag-#######---#000-0#spa-#
020 _a9502506081
041 _aspa
044 _aag
050 4 _aPQ1521
_b.C36 1984
245 1 0 _aEl Cantar de Rolando
_cEstudio preliminar y notas: Braulio Arenas
260 _aBuenos Aires
_bCentro Editor de América Latina
_c1984
300 _a2v.
_c16 cm.
440 0 _aBiblioteca Básica Universal
_v290-291
_924269
500 _at.1 Au576, t.2 Au575
650 1 4 _aPoesía épica francesa
_924270
650 1 4 _aCantares de gesta
_924271
700 1 _aArenas, Braulio
_924272
902 _aGRL
942 _2lcc
_cB
999 _c9363
_d9363